| 000 | 00512nam a2200181Ia 4500 | ||
|---|---|---|---|
| 999 |
_c30045 _d30045 |
||
| 003 | OSt | ||
| 005 | 20201125144146.0 | ||
| 008 | 190216s9999||||xx |||||||||||||| ||und|| | ||
| 020 | _a9788182645486 | ||
| 040 | _coclc | ||
| 082 |
_a920 _bKOV/P |
||
| 100 |
_aKovilan _95743 |
||
| 245 | 0 |
_aPatavukal Chuvatukal / _cKovilan |
|
| 260 |
_bMathrubhumi Printing And publishing, _c2007. _aKozhikode: |
||
| 300 | _a105p | ||
| 650 | _aJeeva Charithram | ||
| 942 |
_cBK _2ddc _h920 _iKOV/P _k920 _mKOV/P |
||